000 00870nam a22002297a 4500
999 _c63455
_d63455
005 20240530110642.0
008 171023s2015 ua a g b 000 0 ara d
017 _a2014/9102
_bمصر. دار الكتب
020 _a9789773505790
040 _aEG-CaGPL
_cEG-CaGPL
082 0 4 _221
_a658.8\
_bس أ
100 0 _aسعاد فهد الحوال .
245 1 0 _aاسرار التسويق الاخضر و دوره فى زيادة رضا العملاء /
_cاعداد سعاد فهد الحوال .
250 _aط.1
260 _aالقاهرة :
_bدار الكتاب الحديث ،
_c2015 .
300 _a284 ص. :
_bايض. ؛
_c24 سم.
504 _aببليوجرافية : ص 257 - 284
650 0 7 _2qrmak
_aالتسويق
650 0 7 _2qrmak
_aادارة الجودة الشاملة .
942 _2ddc
_cBK